Central Library OPAC University of Rajshahi

The genius of American painting / (Record no. 63027)

MARC details
000 -LEADER
fixed length control field 00878nam a2200289 a 4500
001 - CONTROL NUMBER
control field 63027
003 - CONTROL NUMBER IDENTIFIER
rucl marc code BD-RjUL
005 - DATE AND TIME OF LATEST TRANSACTION
control field 20211209081143.0
008 - FIXED-LENGTH DATA ELEMENTS--GENERAL INFORMATION
fixed length control field 160205s1973 enkac b 001 0 eng
020 ## - INTERNATIONAL STANDARD BOOK NUMBER
International Standard Book Number 0297765418
035 ## - SYSTEM CONTROL NUMBER
System control number (BD-RjUL)63155
040 ## - CATALOGING SOURCE
Original cataloging agency DLC
Transcribing agency DLC
Modifying agency DLC
-- BD-RjUL
Language of cataloging eng
041 ## - LANGUAGE CODE
Language code of text/sound track or separate title eng
082 00 - DEWEY DECIMAL CLASSIFICATION NUMBER
Classification number 759.13
Edition number 23
Author mark and year GEN 1973
245 14 - TITLE STATEMENT
Title The genius of American painting /
Statement of responsibility, etc. editor John Wilmerding.
260 ## - PUBLICATION, DISTRIBUTION, ETC. (IMPRINT)
Place of publication, distribution, etc. London :
Name of publisher, distributor, etc. Weidenfeld & Nicolson,
Date of publication, distribution, etc. 1973.
300 ## - PHYSICAL DESCRIPTION
Pagination 352 p. :
Illustrations illus. (some col.), ports. (some col.);
Size 30 cm.
350 ## - PRICE (NR) (BK AM CF MU VM SE) [OBSOLETE]
Price £6.00
500 ## - GENERAL NOTE
General note Contributors: R. Peter Mooz [and others].
General note Includes index.
504 ## - BIBLIOGRAPHY, ETC. NOTE
Bibliography, etc Bibliography: p. 344-348.
650 #0 - SUBJECT ADDED ENTRY--TOPICAL TERM
Topical term or geographic name as entry element Painting, American.
9 (RLIN) 187500
700 1# - ADDED ENTRY--PERSONAL NAME
Personal name Wilmerding, John.
Personal name Mooz, R. Peter.
942 ## - ADDED ENTRY ELEMENTS (KOHA)
Source of classification or shelving scheme Dewey Decimal Classification
Koha item type Books
Holdings
Lost status Source of classification or shelving scheme Damaged status Not for loan Collection code Permanent Location Current Location Shelving location Date acquired Total Checkouts Full call number Date last seen Copy number Koha item type
  Dewey Decimal Classification   Not For Loan Non-fiction Central Library, University of Rajshahi Central Library, University of Rajshahi Reading Room 06/06/1991   759.13 GEN 1973 28/01/2017 C-1 Books